| 000 | 00537nam a2200169Ia 4500 | ||
|---|---|---|---|
| 008 | 140925s9999 xx 000 0 und d | ||
| 245 |
_aCurrent opinion in creativity, innovation and entrepreneurship / _h[electronic resource] |
||
| 260 |
_bChimera Innova Group, _cc2014. |
||
| 516 | _aElectronic text | ||
| 650 | _aCreativity. | ||
| 650 | _aEntrepreneurship. | ||
| 650 | _aInnovation. | ||
| 830 | _aChimera Innova Group | ||
| 856 | _uhttp://www.cuocient.com/index.php/cl/issue/view/3 | ||
| 942 | _cEJ | ||
| 999 |
_c275765 _d275765 |
||